[Event "21. Open de Ajedrez Ciudad de Roquetas"]
[Site "Roquetas de Mar ESP"]
[Date "2010.01.02"]
[Round "1.1"]
[White "Korneev, Oleg"]
[Black "Garcia Roman, Jose Luis Machado"]
[Result "1/2-1/2"]
[WhiteElo "2573"]
[BlackElo "2003"]
[PlyCount "76"]
[EventDate "2010.01.02"]
[EventType "swiss"]
[EventRounds "9"]
[EventCountry "ESP"]
[Source "lmi"]
[SourceDate "2010.01.02"]

1. e4 c5 2. Nf3 Nc6 3. d4 cxd4 4. Nxd4 Qb6 5. Nb3 Nf6 6. Nc3 e6 7. Bd3 Be7 8.
Be3 Qc7 9. f4 d6 10. Qf3 a6 11. g4 Nd7 12. O-O-O b5 13. g5 Bb7 14. Qh3 Nb4 15.
Kb1 Nxd3 16. cxd3 Nc5 17. g6 fxg6 18. Bxc5 dxc5 19. Qxe6 Qd6 20. Qxd6 Bxd6 21.
Na5 Bc8 22. e5 Bc7 23. Nb3 Bb7 24. Ne4 Bxe4 25. dxe4 O-O 26. Rd7 Bb6 27. Rf1 c4
28. Nd4 Rfd8 29. Rxd8+ Rxd8 30. Nc6 Rd2 31. f5 Bd4 32. e6 Rxb2+ 33. Kc1 Rf2 34.
Rd1 Be3+ 35. Kb1 Rd2 36. Rxd2 Bxd2 37. Kc2 Be3 38. Ne7+ Kf8 1/2-1/2

[Event "21. Open de Ajedrez Ciudad de Roquetas"]
[Site "Roquetas de Mar ESP"]
[Date "2010.01.02"]
[Round "1.2"]
[White "Escudero Manzano, Alejandro"]
[Black "Vazquez Igarza, Renier"]
[Result "0-1"]
[WhiteElo "2000"]
[BlackElo "2560"]
[PlyCount "62"]
[EventDate "2010.01.02"]
[EventType "swiss"]
[EventRounds "9"]
[EventCountry "ESP"]
[Source "lmi"]
[SourceDate "2010.01.02"]

1. e4 e5 2. Nf3 Nc6 3. d4 exd4 4. Bc4 Bc5 5. c3 Nf6 6. cxd4 Bb4+ 7. Bd2 Bxd2+
8. Nbxd2 d5 9. exd5 Nxd5 10. O-O O-O 11. Qc2 Nb6 12. Bd3 h6 13. Nb3 Nb4 14. Qd2
Nxd3 15. Qxd3 Be6 16. Rac1 Qd6 17. Nfd2 Rfe8 18. Ne4 Qf4 19. g3 Qf5 20. Nbc5
Bc4 21. Rxc4 Nxc4 22. Qxc4 b6 23. Nb3 Rxe4 24. Qxc7 Qd5 25. Qc3 Rd8 26. Rc1 a5
27. a4 Rde8 28. Rd1 h5 29. h4 g6 30. Na1 Re2 31. Nc2 Qf5 0-1

[Event "21. Open de Ajedrez Ciudad de Roquetas"]
[Site "Roquetas de Mar ESP"]
[Date "2010.01.02"]
[Round "1.4"]
[White "Puertas Martin, Savins"]
[Black "Moskalenko, Viktor"]
[Result "0-1"]
[WhiteElo "1985"]
[BlackElo "2538"]
[PlyCount "106"]
[EventDate "2010.01.02"]
[EventType "swiss"]
[EventRounds "9"]
[EventCountry "ESP"]
[Source "lmi"]
[SourceDate "2010.01.02"]

1. e4 g6 2. d4 Bg7 3. c3 d6 4. Bd3 Nf6 5. Nf3 O-O 6. O-O Nc6 7. Bg5 h6 8. Bxf6
Bxf6 9. Nbd2 Bg7 10. Qc2 e5 11. dxe5 Nxe5 12. Nxe5 dxe5 13. Rfe1 Qe7 14. Rad1
h5 15. Nf1 c6 16. Bc4 Bg4 17. Be2 Be6 18. b3 Bh6 19. Bf3 a5 20. c4 Rfd8 21. Ng3
h4 22. Ne2 h3 23. Rxd8+ Rxd8 24. Rd1 hxg2 25. Bxg2 Rxd1+ 26. Qxd1 Qg5 27. Qd3
Qd2 28. Qxd2 Bxd2 29. Ng3 Kf8 30. Kf1 Ke7 31. Ke2 Bg5 32. Kd3 Kd6 33. Ne2 Kc5
34. Kc3 b5 35. cxb5 cxb5 36. a3 b4+ 37. axb4+ axb4+ 38. Kc2 Bd7 39. Ng1 Bc6 40.
Kd3 f5 41. Bf3 Bb5+ 42. Kc2 Bh4 43. exf5 gxf5 44. Be2 Bxe2 45. Nxe2 Bxf2 46.
Kd3 Kd5 47. Nc1 e4+ 48. Kd2 f4 49. Ne2 Ke5 50. h3 f3 51. Nc1 Kd4 52. Na2 e3+
53. Kc2 e2 0-1

[Event "21. Open de Ajedrez Ciudad de Roquetas"]
[Site "Roquetas de Mar ESP"]
[Date "2010.01.02"]
[Round "1.5"]
[White "Plaskett, H James"]
[Black "Iagar, Razvan-gabriel"]
[Result "1-0"]
[WhiteElo "2498"]
[BlackElo "1980"]
[PlyCount "49"]
[EventDate "2010.01.02"]
[EventType "swiss"]
[EventRounds "9"]
[EventCountry "ESP"]
[Source "lmi"]
[SourceDate "2010.01.02"]

1. e4 e6 2. d4 d5 3. Nd2 c5 4. Ngf3 Nc6 5. c3 Nf6 6. Bd3 cxd4 7. cxd4 dxe4 8.
Nxe4 Bb4+ 9. Nc3 Bd7 10. O-O O-O 11. Re1 h6 12. Bc2 Qc7 13. Qd3 Ne7 14. Ne5
Rfd8 15. Bxh6 Nf5 16. Bg5 Be8 17. Qh3 Nxd4 18. Ng4 Be7 19. Nxf6+ Bxf6 20. Bxf6
gxf6 21. Qh6 Nxc2 22. Ne4 Qe5 23. Nxf6+ Qxf6 24. Qxf6 Nxa1 25. h4 1-0

[Event "21. Open de Ajedrez Ciudad de Roquetas"]
[Site "Roquetas de Mar ESP"]
[Date "2010.01.02"]
[Round "1.6"]
[White "Navia Martin, Sergio"]
[Black "Pogorelov, Ruslan"]
[Result "0-1"]
[WhiteElo "1953"]
[BlackElo "2469"]
[PlyCount "82"]
[EventDate "2010.01.02"]
[EventType "swiss"]
[EventRounds "9"]
[EventCountry "ESP"]
[Source "lmi"]
[SourceDate "2010.01.02"]

1. d4 Nf6 2. c4 e6 3. g3 Bb4+ 4. Bd2 Be7 5. Bg2 d5 6. cxd5 exd5 7. Nc3 c6 8.
Nf3 Bf5 9. O-O h6 10. Qb3 Qb6 11. Rac1 O-O 12. Rfd1 Nbd7 13. Na4 Qxb3 14. axb3
Ne4 15. Be1 g5 16. Nd2 Nd6 17. Nc5 Nxc5 18. dxc5 Nb5 19. e4 Bg4 20. f3 Be6 21.
exd5 Bxd5 22. Bf2 Bf6 23. Nc4 Rad8 24. Rc2 Bxc4 25. Rxd8 Rxd8 26. bxc4 Rd1+ 27.
Bf1 Nd4 28. Bxd4 Bxd4+ 29. Kg2 Rb1 30. Bd3 Kg7 31. Bf5 a5 32. f4 Kf6 33. Rd2
Kxf5 34. Rxd4 Rxb2+ 35. Kf3 g4+ 36. Ke3 a4 37. Kd3 a3 38. Kc3 Rxh2 39. Kb3 a2
40. Rd1 Rg2 41. Ra1 h5 0-1

[Event "21. Open de Ajedrez Ciudad de Roquetas"]
[Site "Roquetas de Mar ESP"]
[Date "2010.01.03"]
[Round "2.1"]
[White "Vazquez Igarza, Renier"]
[Black "Cruz Lledo, Pablo"]
[Result "1-0"]
[WhiteElo "2560"]
[BlackElo "2242"]
[PlyCount "93"]
[EventDate "2010.01.02"]
[EventType "swiss"]
[EventRounds "9"]
[EventCountry "ESP"]
[Source "lmi"]
[SourceDate "2010.01.02"]

1. d4 d5 2. c4 c6 3. Nf3 Nf6 4. Nc3 a6 5. a4 e6 6. Bg5 a5 7. e3 Na6 8. Be2 Nb4
9. O-O Be7 10. Qb3 O-O 11. Na2 b6 12. Nxb4 axb4 13. cxd5 exd5 14. Bxf6 gxf6 15.
Qc2 c5 16. dxc5 bxc5 17. Rfd1 Be6 18. Bd3 h6 19. Nh4 Re8 20. Bb5 Qa5 21. Bxe8
Rxe8 22. Qe2 Bf8 23. Qh5 Qc7 24. f4 d4 25. Nf5 Bxf5 26. Qxf5 dxe3 27. a5 c4 28.
Kh1 c3 29. bxc3 bxc3 30. Qc2 Qxf4 31. Qe2 Bb4 32. a6 Qe4 33. Ra4 c2 34. Rc1 Kh8
35. h3 Qe7 36. Rxc2 Bc5 37. Qh5 Qf8 38. Qxc5 Qxc5 39. Rxc5 e2 40. Rc1 e1=Q+ 41.
Rxe1 Rxe1+ 42. Kh2 Re8 43. a7 Ra8 44. Kg3 Kg7 45. Kf4 Kg6 46. Ke4 Kg5 47. Kd5
1-0

[Event "21. Open de Ajedrez Ciudad de Roquetas"]
[Site "Roquetas de Mar ESP"]
[Date "2010.01.03"]
[Round "2.2"]
[White "Peralta, Fernando"]
[Black "Sabria Batlle, Pol"]
[Result "1-0"]
[WhiteElo "2557"]
[BlackElo "2229"]
[PlyCount "89"]
[EventDate "2010.01.02"]
[EventType "swiss"]
[EventRounds "9"]
[EventCountry "ESP"]
[Source "lmi"]
[SourceDate "2010.01.02"]

1. d4 Nf6 2. c4 e6 3. Nc3 Bb4 4. e3 O-O 5. Nge2 d5 6. a3 Be7 7. cxd5 exd5 8. b4
Re8 9. Ng3 b6 10. Rb1 c5 11. bxc5 bxc5 12. Bb5 Bd7 13. O-O Bxb5 14. Rxb5 Nbd7
15. dxc5 Nxc5 16. Na4 Rc8 17. Nf5 Qd7 18. Nxe7+ Qxe7 19. Nxc5 Rxc5 20. Rxc5
Qxc5 21. Bb2 Re6 22. Qa4 Qc7 23. Rc1 Qb7 24. Bxf6 gxf6 25. h3 Re4 26. Qa5 Re8
27. Rd1 Re5 28. Rd4 Kg7 29. Qc7 Qb6 30. Rg4+ Rg5 31. Qxb6 axb6 32. Rb4 d4 33.
exd4 Rd5 34. a4 Kg6 35. Kf1 Kf5 36. Ke2 Rd6 37. Kd3 Ke6 38. Rb5 f5 39. Re5+ Kf6
40. Re8 Rd7 41. Rb8 Rd6 42. Kc4 h5 43. f4 Kg6 44. d5 Kf6 45. Rc8 1-0

[Event "21. Open de Ajedrez Ciudad de Roquetas"]
[Site "Roquetas de Mar ESP"]
[Date "2010.01.03"]
[Round "2.3"]
[White "Moskalenko, Viktor"]
[Black "Perez De Aranda A., Leonardo I"]
[Result "1-0"]
[WhiteElo "2538"]
[BlackElo "2216"]
[PlyCount "45"]
[EventDate "2010.01.02"]
[EventType "swiss"]
[EventRounds "9"]
[EventCountry "ESP"]
[Source "lmi"]
[SourceDate "2010.01.02"]

1. d4 f5 2. Bg5 g6 3. Nc3 Bg7 4. Nf3 Nh6 5. Bxh6 Bxh6 6. h4 d6 7. e4 e6 8. exf5
exf5 9. Bc4 Qe7+ 10. Kf1 c6 11. Qd3 Kd8 12. Re1 Qf6 13. d5 Re8 14. Rxe8+ Kxe8
15. Ng5 Qe7 16. f4 b5 17. Bb3 Ba6 18. dxc6 b4 19. Nb5 Bxg5 20. hxg5 Nxc6 21.
Kf2 Bxb5 22. Qxb5 Qc7 23. Rxh7 1-0

[Event "21. Open de Ajedrez Ciudad de Roquetas"]
[Site "Roquetas de Mar ESP"]
[Date "2010.01.03"]
[Round "2.4"]
[White "Alcaraz Ortega, Javier"]
[Black "Plaskett, H James"]
[Result "0-1"]
[WhiteElo "2236"]
[BlackElo "2498"]
[PlyCount "58"]
[EventDate "2010.01.02"]
[EventType "swiss"]
[EventRounds "9"]
[EventCountry "ESP"]
[Source "lmi"]
[SourceDate "2010.01.02"]

1. Nf3 Nf6 2. c4 c5 3. Nc3 b6 4. g3 Bb7 5. Bg2 e6 6. O-O Be7 7. Re1 O-O 8. e4
d6 9. d4 cxd4 10. Nxd4 Qc7 11. Be3 a6 12. Rc1 Nbd7 13. f4 Rfe8 14. b3 Rac8 15.
Bf2 Bf8 16. h3 g6 17. Qd2 Qb8 18. Re2 Bh6 19. Be3 Nc5 20. e5 Nfe4 21. Nxe4 Nxe4
22. Bxe4 Bxe4 23. exd6 Rcd8 24. Qe1 Qxd6 25. Rd2 Qc7 26. Rcd1 Bf8 27. Qf2 Bb4
28. Re2 Qb7 29. Bd2 Rxd4 0-1

[Event "21. Open de Ajedrez Ciudad de Roquetas"]
[Site "Roquetas de Mar ESP"]
[Date "2010.01.03"]
[Round "2.5"]
[White "Pogorelov, Ruslan"]
[Black "Aranaz Portugues, Jose Carlos"]
[Result "1-0"]
[WhiteElo "2469"]
[BlackElo "2178"]
[PlyCount "91"]
[EventDate "2010.01.02"]
[EventType "swiss"]
[EventRounds "9"]
[EventCountry "ESP"]
[Source "lmi"]
[SourceDate "2010.01.02"]

1. Nf3 e6 2. c4 f5 3. g3 Nf6 4. Bg2 d5 5. O-O Bd6 6. d4 c6 7. b3 Qe7 8. Bb2 b6
9. Qc1 Bb7 10. Ba3 Nbd7 11. Bxd6 Qxd6 12. Qa3 c5 13. cxd5 exd5 14. Nc3 a6 15.
Rac1 O-O 16. e3 Rae8 17. Na4 Ne4 18. Rc2 g5 19. dxc5 bxc5 20. Nd2 f4 21. Nxe4
dxe4 22. Qc1 f3 23. Rd1 Qe7 24. Bf1 Rf5 25. Bh3 g4 26. Bxg4 Rd5 27. Rxd5 Bxd5
28. Nxc5 Ne5 29. Rd2 Bc6 30. Bf5 Qf6 31. Bxe4 Bxe4 32. Nxe4 Qh6 33. h4 Qg6 34.
Rd4 h6 35. Nd6 Rd8 36. Nc4 Rc8 37. Qd1 Ng4 38. Qxf3 h5 39. Qd5+ Kh8 40. Qg5 Qf7
41. Rf4 Qh7 42. Ne5 Rc1+ 43. Kg2 Nxe3+ 44. fxe3 Qc2+ 45. Rf2 Qd1 46. Rf8+ 1-0

[Event "21. Open de Ajedrez Ciudad de Roquetas"]
[Site "Roquetas de Mar ESP"]
[Date "2010.01.03"]
[Round "2.6"]
[White "Fernandez Garcia, Jose Miguel"]
[Black "Almagro Llamas, Pablo"]
[Result "0-1"]
[WhiteElo "2225"]
[BlackElo "2455"]
[PlyCount "102"]
[EventDate "2010.01.02"]
[EventType "swiss"]
[EventRounds "9"]
[EventCountry "ESP"]
[Source "lmi"]
[SourceDate "2010.01.02"]

1. e4 c6 2. d4 d5 3. e5 Bf5 4. Nc3 e6 5. g4 Bg6 6. Nge2 Bb4 7. h4 h6 8. Nf4 Be4
9. f3 Bh7 10. Be3 Nd7 11. Qd2 Qa5 12. Nd3 Bxd3 13. Bxd3 O-O-O 14. f4 h5 15. g5
Ne7 16. a3 c5 17. Rb1 Bxc3 18. Qxc3 Qxc3+ 19. bxc3 c4 20. Bf1 Kc7 21. Ke2 Kc6
22. Bh3 g6 23. Bg2 b5 24. Bd2 Rb8 25. Ra1 Nb6 26. Bh3 Na4 27. Rhb1 Rb6 28. Ra2
Rhb8 29. Raa1 Ra6 30. Ra2 Ra5 31. Raa1 Rb6 32. Ra2 Rba6 33. Rba1 Nb6 34. Be1
Na8 35. Bd2 Ra4 36. Bc1 Nc7 37. Rb1 Ne8 38. Rba1 Ng7 39. Be3 Kc7 40. Ke1 Nc6
41. Bd2 b4 42. cxb4 Nxd4 43. Kf2 Nb5 44. c3 Rxa3 45. Rxa3 Rxa3 46. Rxa3 Nxa3
47. Ke2 Kc6 48. Be1 Kb5 49. Bf2 a6 50. Kd2 Ka4 51. Bg2 Kb3 0-1

[Event "21. Open de Ajedrez Ciudad de Roquetas"]
[Site "Roquetas de Mar ESP"]
[Date "2010.01.03"]
[Round "3.1"]
[White "Espinosa Aranda, Angel"]
[Black "Vazquez Igarza, Renier"]
[Result "0-1"]
[WhiteElo "2393"]
[BlackElo "2560"]
[PlyCount "88"]
[EventDate "2010.01.02"]
[EventType "swiss"]
[EventRounds "9"]
[EventCountry "ESP"]
[Source "lmi"]
[SourceDate "2010.01.02"]

1. e4 c5 2. Nf3 e6 3. d4 cxd4 4. Nxd4 Nc6 5. Nc3 d6 6. Be2 Nf6 7. O-O Be7 8.
Be3 O-O 9. f4 Bd7 10. Qe1 Nxd4 11. Bxd4 Bc6 12. Qg3 g6 13. Bf3 b5 14. e5 dxe5
15. Bxe5 b4 16. Ne2 Rc8 17. Rad1 Qb6+ 18. Bd4 Bc5 19. Kh1 Bxf3 20. Qxf3 Bxd4
21. Nxd4 Rfd8 22. c3 bxc3 23. bxc3 Nd5 24. Ne2 Ne3 25. Rxd8+ Rxd8 26. Rg1 Rd3
27. h3 Nd1 28. Qa8+ Kg7 29. Rf1 Qe3 30. Qf3 Nxc3 31. Nxc3 Rxc3 32. Qb7 Qd4 33.
Qb1 Rd3 34. Qc2 Rd2 35. Qb3 h5 36. Rf3 Rd1+ 37. Kh2 g5 38. Qe3 Qxe3 39. Rxe3
gxf4 40. Re4 Rd2 41. Ra4 f3 42. Kg1 Rxg2+ 43. Kf1 Kg6 44. Rxa7 e5 0-1

[Event "21. Open de Ajedrez Ciudad de Roquetas"]
[Site "Roquetas de Mar ESP"]
[Date "2010.01.03"]
[Round "3.2"]
[White "Cruz Ravina, Francisco Javier"]
[Black "Peralta, Fernando"]
[Result "1/2-1/2"]
[WhiteElo "2363"]
[BlackElo "2557"]
[PlyCount "100"]
[EventDate "2010.01.02"]
[EventType "swiss"]
[EventRounds "9"]
[EventCountry "ESP"]
[Source "lmi"]
[SourceDate "2010.01.02"]

1. e4 d6 2. d4 Nf6 3. Nc3 g6 4. f4 Bg7 5. Nf3 O-O 6. Bd3 Na6 7. O-O c5 8. e5
Nd7 9. exd6 cxd4 10. dxe7 Qxe7 11. Re1 Qc5 12. Ne4 Qb6 13. b3 Ndc5 14. Nxc5
Nxc5 15. Ne5 Nxd3 16. cxd3 Qa6 17. Bb2 Rd8 18. Qd2 Bf5 19. Qf2 Qd6 20. Rac1
Rac8 21. Rxc8 Rxc8 22. Qxd4 Qxd4+ 23. Bxd4 b6 24. Kf2 Bxd3 25. Rd1 Bb5 26. Rd2
f6 27. Nf3 Kf7 28. Bb2 Bf8 29. Nd4 Ba6 30. Nc2 Bd3 31. Ne3 Bb5 32. Rc2 Rc6 33.
Rxc6 Bxc6 34. Nc2 Be4 35. Nd4 Bb1 36. a3 Be4 37. g3 a5 38. Ke3 Bd5 39. Bc1 g5
40. fxg5 fxg5 41. Bb2 Kg6 42. Kf2 Kh5 43. h3 g4 44. h4 Kg6 45. Ke2 Bd6 46. Ke3
Bc5 47. Kf4 h5 48. Ke5 Bf7 49. Bc1 Bf8 50. Ne6 Bg7+ 1/2-1/2

[Event "21. Open de Ajedrez Ciudad de Roquetas"]
[Site "Roquetas de Mar ESP"]
[Date "2010.01.03"]
[Round "3.3"]
[White "Fernandez Siles, Luis"]
[Black "Moskalenko, Viktor"]
[Result "1-0"]
[WhiteElo "2329"]
[BlackElo "2538"]
[PlyCount "117"]
[EventDate "2010.01.02"]
[EventType "swiss"]
[EventRounds "9"]
[EventCountry "ESP"]
[Source "lmi"]
[SourceDate "2010.01.02"]

1. d4 e6 2. c4 f5 3. g3 Nf6 4. Bg2 d5 5. Nh3 c6 6. Qc2 Bd6 7. O-O O-O 8. Bf4
Be7 9. a3 Ne4 10. Nc3 Nd6 11. Bxd6 Qxd6 12. Qb3 Nd7 13. Nf4 dxc4 14. Qxc4 Nb6
15. Qd3 g5 16. Nh3 e5 17. dxe5 Qxe5 18. f4 Qc5+ 19. Kh1 g4 20. Nf2 Be6 21. b4
Qc4 22. e4 Qxd3 23. Nxd3 Rad8 24. Ne5 Bf6 25. exf5 Bxf5 26. Ne4 Bxe4 27. Bxe4
Nc4 28. Nxc4 Bxa1 29. Rxa1 Rd4 30. Bc2 Rxc4 31. Bb3 b5 32. Rc1 Rd8 33. Bxc4+
bxc4 34. Rxc4 Rd1+ 35. Kg2 Rd2+ 36. Kg1 Ra2 37. Rxc6 Rxa3 38. Rc7 a5 39. bxa5
Rxa5 40. Kf2 Ra2+ 41. Ke3 Rxh2 42. f5 Ra2 43. Kf4 Ra6 44. Kxg4 Rb6 45. Kg5 Ra6
46. g4 Ra1 47. Re7 Ra6 48. Re6 Ra1 49. Kf6 Ra8 50. g5 Rf8+ 51. Ke5 Ra8 52. Re7
Ra5+ 53. Kf6 Ra6+ 54. Re6 Ra8 55. g6 hxg6 56. Kxg6 Kf8 57. Rb6 Kg8 58. f6 Kf8
59. Rb7 1-0

[Event "21. Open de Ajedrez Ciudad de Roquetas"]
[Site "Roquetas de Mar ESP"]
[Date "2010.01.03"]
[Round "3.4"]
[White "Plaskett, H James"]
[Black "Martinez Martin, David"]
[Result "1-0"]
[WhiteElo "2498"]
[BlackElo "2394"]
[PlyCount "93"]
[EventDate "2010.01.02"]
[EventType "swiss"]
[EventRounds "9"]
[EventCountry "ESP"]
[Source "lmi"]
[SourceDate "2010.01.02"]

1. e4 e6 2. d4 d5 3. Nd2 Nf6 4. Bd3 c5 5. c3 cxd4 6. cxd4 dxe4 7. Nxe4 Bd7 8.
Nc3 Nc6 9. Nf3 Bd6 10. O-O O-O 11. Re1 Nb4 12. Bb1 Qc7 13. Bg5 Nfd5 14. a3 Nxc3
15. bxc3 Nd5 16. Qd3 f5 17. c4 Nf4 18. Bxf4 Bxf4 19. g3 Bh6 20. Ba2 Kh8 21. c5
Rad8 22. Bxe6 Bxe6 23. Rxe6 Qxc5 24. dxc5 Rxd3 25. Ne5 Rc3 26. Rb1 Rc1+ 27.
Rxc1 Bxc1 28. Nc4 g6 29. Re1 Bh6 30. Nd6 Rb8 31. Re7 Bf8 32. Rc7 b6 33. Nf7+
Kg8 34. c6 Bxa3 35. Rd7 Re8 36. c7 Re1+ 37. Kg2 Rc1 38. Ng5 h6 39. Nf3 Bf8 40.
Ne5 b5 41. Nxg6 b4 42. Nxf8 b3 43. Ng6 b2 44. c8=Q+ Rxc8 45. Rb7 Rc2 46. Ne7+
Kf8 47. Nxf5 1-0

[Event "21. Open de Ajedrez Ciudad de Roquetas"]
[Site "Roquetas de Mar ESP"]
[Date "2010.01.03"]
[Round "3.5"]
[White "Pardo Simon, David"]
[Black "Pogorelov, Ruslan"]
[Result "0-1"]
[WhiteElo "2317"]
[BlackElo "2469"]
[PlyCount "102"]
[EventDate "2010.01.02"]
[EventType "swiss"]
[EventRounds "9"]
[EventCountry "ESP"]
[Source "lmi"]
[SourceDate "2010.01.02"]

1. e4 c5 2. Nc3 Nc6 3. Bb5 Nd4 4. Bc4 g6 5. Nf3 Bg7 6. Nxd4 cxd4 7. Qf3 Nh6 8.
d3 O-O 9. Ne2 e5 10. h4 Kh8 11. Bxh6 Bxh6 12. h5 Qg5 13. Rd1 d6 14. Qg3 Qxg3
15. Nxg3 Kg7 16. Ke2 Bg4+ 17. f3 Bd7 18. hxg6 hxg6 19. Rde1 Bf4 20. Nf1 Rh8 21.
Nd2 b5 22. Bd5 Rac8 23. Kd1 a5 24. Bb7 Rb8 25. Bd5 Bg3 26. Ref1 Rhc8 27. Nb3 a4
28. Nc1 Bf4 29. g4 Rh8 30. Ne2 Be3 31. Ng3 b4 32. Rxh8 Rxh8 33. Rh1 Rxh1+ 34.
Nxh1 a3 35. bxa3 bxa3 36. Ng3 Be8 37. Nf1 Bf4 38. Nd2 Bxd2 39. Kxd2 Kf6 40. c3
Kg5 41. cxd4 exd4 42. Kc2 Kf4 43. Kb3 Ke3 44. Kxa3 Kxd3 45. Kb4 Ke3 46. Bb3 d3
47. Kc3 d2 48. Bd1 Bb5 49. a4 Be2 50. Kc2 g5 51. a5 f6 0-1

[Event "21. Open de Ajedrez Ciudad de Roquetas"]
[Site "Roquetas de Mar ESP"]
[Date "2010.01.03"]
[Round "3.6"]
[White "Almagro Llamas, Pablo"]
[Black "Kovacevic, Slobodan"]
[Result "0-1"]
[WhiteElo "2455"]
[BlackElo "2379"]
[PlyCount "117"]
[EventDate "2010.01.02"]
[EventType "swiss"]
[EventRounds "9"]
[EventCountry "ESP"]
[Source "lmi"]
[SourceDate "2010.01.02"]

1. e4 c5 2. Nf3 e6 3. d4 cxd4 4. Nxd4 a6 5. Nc3 Qc7 6. g3 Bb4 7. Nde2 Nf6 8.
Bg2 Be7 9. O-O Nc6 10. a4 O-O 11. b3 d6 12. Bb2 Rb8 13. Nf4 b6 14. Qe2 Bb7 15.
Rad1 Rfe8 16. Rfe1 Rbc8 17. Nb1 Nd7 18. Qd2 b5 19. axb5 axb5 20. Na3 Ba6 21.
Bf1 Qb7 22. b4 Red8 23. Nh5 e5 24. g4 Nf8 25. c3 Ne6 26. Qe2 g6 27. Ng3 Nf4 28.
Qf3 Bg5 29. Ne2 Nxe2+ 30. Qxe2 Rb8 31. Rd3 Qe7 32. Red1 Na7 33. Nc2 Nc8 34. Ra1
Bb7 35. Ra5 Bc6 36. Na3 Qb7 37. Rd1 Na7 38. Bg2 Rd7 39. Nc2 Nc8 40. Rda1 Bd8
41. R5a2 Nb6 42. Bc1 Ra8 43. Rxa8 Nxa8 44. Bh6 Nc7 45. Be3 Bxe4 46. Ra7 Qc6 47.
f3 Bxc2 48. Qxc2 Nd5 49. Rxd7 Qxd7 50. Bd2 Qa7+ 51. Kf1 Bh4 52. Bc1 Ne3+ 53.
Bxe3 Qxe3 54. Bh1 Qe1+ 55. Kg2 Bg5 56. Qd3 Be3 57. Kh3 Kg7 58. Qxd6 Bf4 59. Qc5
0-1

[Event "21. Open de Ajedrez Ciudad de Roquetas"]
[Site "Roquetas de Mar ESP"]
[Date "2010.01.04"]
[Round "4.1"]
[White "Vazquez Igarza, Renier"]
[Black "Roa Alonso, Santiago"]
[Result "0-1"]
[WhiteElo "2560"]
[BlackElo "2422"]
[PlyCount "100"]
[EventDate "2010.01.02"]
[EventType "swiss"]
[EventRounds "9"]
[EventCountry "ESP"]
[Source "lmi"]
[SourceDate "2010.01.02"]

1. d4 Nf6 2. c4 e6 3. Nf3 c5 4. g3 cxd4 5. Nxd4 d5 6. Bg2 e5 7. Nb3 d4 8. Bg5
Nc6 9. e3 a5 10. exd4 a4 11. N3d2 exd4 12. O-O Be7 13. Na3 O-O 14. Bxf6 Bxf6
15. Ne4 Bf5 16. Nb5 Bxe4 17. Bxe4 Qb6 18. Rc1 Ne5 19. b3 axb3 20. Qxb3 Nd7 21.
Qf3 Nc5 22. a3 Nxe4 23. Qxe4 Qc6 24. Qd3 g6 25. Rfe1 Rfe8 26. Rcd1 h5 27. h4
Rad8 28. Rxe8+ Rxe8 29. Nxd4 Qd7 30. Nc2 Qg4 31. Qd7 Re6 32. Ne3 Qf3 33. Rd3
Kg7 34. Qd5 Qe2 35. Rd2 Qe1+ 36. Kg2 Rb6 37. Qd3 Rb1 38. Rd1 Rxd1 39. Nxd1 Qa5
40. Qb3 Qd2 41. Ne3 Bd4 42. a4 b6 43. Kf3 Bc5 44. Qb1 Kg8 45. Qb5 Kg7 46. Qe8
Bxe3 47. fxe3 Qd3 48. Qe5+ Kg8 49. Qd4 Qf1+ 50. Ke4 Qf5# 0-1

[Event "21. Open de Ajedrez Ciudad de Roquetas"]
[Site "Roquetas de Mar ESP"]
[Date "2010.01.04"]
[Round "4.2"]
[White "Ivanov, Jordan"]
[Black "Plaskett, H James"]
[Result "1/2-1/2"]
[WhiteElo "2409"]
[BlackElo "2498"]
[PlyCount "22"]
[EventDate "2010.01.02"]
[EventType "swiss"]
[EventRounds "9"]
[EventCountry "ESP"]
[Source "lmi"]
[SourceDate "2010.01.02"]

1. d4 e6 2. e4 d5 3. Nd2 Nc6 4. Ngf3 Nf6 5. e5 Nd7 6. Nb3 a5 7. a4 b6 8. h4 f6
9. Bb5 Bb7 10. Qe2 Qe7 11. Bf4 Qd8 1/2-1/2

[Event "21. Open de Ajedrez Ciudad de Roquetas"]
[Site "Roquetas de Mar ESP"]
[Date "2010.01.04"]
[Round "4.3"]
[White "Pogorelov, Ruslan"]
[Black "Fernandez Siles, Luis"]
[Result "1/2-1/2"]
[WhiteElo "2469"]
[BlackElo "2329"]
[PlyCount "121"]
[EventDate "2010.01.02"]
[EventType "swiss"]
[EventRounds "9"]
[EventCountry "ESP"]
[Source "lmi"]
[SourceDate "2010.01.02"]

1. c4 Nf6 2. Nf3 g6 3. Nc3 Bg7 4. e4 d6 5. d4 O-O 6. Be2 e5 7. O-O Nc6 8. d5
Ne7 9. Ne1 Nd7 10. Be3 f5 11. f3 f4 12. Bf2 g5 13. a4 a5 14. Nd3 b6 15. b4 axb4
16. Nxb4 Nf6 17. a5 Rxa5 18. Rxa5 bxa5 19. Nc6 Nxc6 20. dxc6 Be6 21. Nd5 Bxd5
22. cxd5 g4 23. Be1 g3 24. h3 Qa8 25. Qa4 Qa7+ 26. Kh1 Rb8 27. Qxa5 Qe3 28. Qa2
Qd4 29. Ba5 Rb2 30. Qc4 Ne8 31. Qxd4 exd4 32. Bd3 Ra2 33. Bb4 Rb2 34. Rb1 Rxb1+
35. Bxb1 Kf7 36. Bd2 Be5 37. Kg1 Ke7 38. Kf1 Nf6 39. Ke2 h5 40. Bd3 Nh7 41. Kd1
Nf8 42. Kc2 Ng6 43. Bf1 Kd8 44. Kb3 Kc8 45. Kb4 Kb8 46. Kb5 d3 47. Bxd3 Nh4 48.
Bf1 Ng6 49. Ka6 Nh4 50. Ba5 Ng6 51. Kb5 Nh4 52. Kc4 Ng6 53. Kb3 Nh4 54. Kc2 Ng6
55. Kd2 Nh4 56. Ke1 Ng6 57. Ba6 Nh4 58. Kf1 Ng6 59. Bb5 Nh4 60. Ba6 Ng6 61. Bb5
1/2-1/2

[Event "21. Open de Ajedrez Ciudad de Roquetas"]
[Site "Roquetas de Mar ESP"]
[Date "2010.01.04"]
[Round "4.4"]
[White "Kovacevic, Slobodan"]
[Black "Berbatov, Kiprian"]
[Result "0-1"]
[WhiteElo "2379"]
[BlackElo "2455"]
[PlyCount "101"]
[EventDate "2010.01.02"]
[EventType "swiss"]
[EventRounds "9"]
[EventCountry "ESP"]
[Source "lmi"]
[SourceDate "2010.01.02"]

1. d4 Nf6 2. Nf3 g6 3. Bg5 Bg7 4. Nbd2 O-O 5. c3 d6 6. a4 h6 7. Bh4 c5 8. Bxf6
Bxf6 9. dxc5 dxc5 10. Ne4 Nd7 11. Nxf6+ Nxf6 12. Qc1 Kg7 13. e3 Qc7 14. Be2 e5
15. O-O c4 16. Rd1 Be6 17. Qb1 Rfd8 18. Qa2 Ne4 19. h3 a5 20. Kf1 g5 21. Kg1 h5
22. Nh2 h4 23. Nf3 f5 24. Qb1 Kf6 25. Qc2 Nc5 26. Nd2 Nb3 27. Nxb3 cxb3 28. Qb1
Bc4 29. Rxd8 Rxd8 30. Qf1 Be6 31. Rd1 Rxd1 32. Qxd1 Qd7 33. Qa1 Qd2 34. Bb5 Kf7
35. Qb1 Qc2 36. Qa1 g4 37. hxg4 fxg4 38. Qf1 Qxb2 39. Qd3 Qc2 40. Qd8 Qb1+ 41.
Kh2 g3+ 42. fxg3 hxg3+ 43. Kxg3 Qg6+ 44. Kh2 Qh6+ 45. Kg1 Qxe3+ 46. Kf1 Qf4+
47. Ke1 b2 48. Qc7+ Kf6 49. Qd8+ Kg7 50. Qe7+ Bf7 51. Bf1 0-1

[Event "21. Open de Ajedrez Ciudad de Roquetas"]
[Site "Roquetas de Mar ESP"]
[Date "2010.01.04"]
[Round "4.5"]
[White "Lillo Castay, Victor"]
[Black "Korneev, Oleg"]
[Result "1/2-1/2"]
[WhiteElo "2282"]
[BlackElo "2573"]
[PlyCount "60"]
[EventDate "2010.01.02"]
[EventType "swiss"]
[EventRounds "9"]
[EventCountry "ESP"]
[Source "lmi"]
[SourceDate "2010.01.02"]

1. e4 c5 2. Nf3 e6 3. Nc3 Nc6 4. d4 cxd4 5. Nxd4 Qc7 6. Nxc6 bxc6 7. Bd3 Nf6 8.
O-O Be7 9. Qe2 d6 10. b3 O-O 11. Bb2 a5 12. f4 Nd7 13. Nd1 Bf6 14. Bxf6 Nxf6
15. e5 dxe5 16. fxe5 Nd7 17. Qe4 g6 18. Re1 Nc5 19. Qe3 Nxd3 20. Qxd3 Rd8 21.
Qe2 Ba6 22. c4 c5 23. Nf2 h5 24. Rad1 Bb7 25. Nh3 Rxd1 26. Rxd1 Rd8 27. Ng5 Rd7
28. h3 Qd8 29. Rxd7 Qxd7 30. Qf2 Qe7 1/2-1/2